MDQL
is popping MORE tags! Check the
thread
!
Quizzes
Events
Quiz Creation
Community
Videos
Private Events
Remove Ads
Sign In
Join for FREE
Feedback
Dark Mode
Quiz Categories
Sports
Geography
Music
Movies
Television
Just For Fun
Miscellaneous
History
Literature
Language
Science
Gaming
Entertainment
Religion
Holiday
For Kids
Quiz Lab
Recent
Popular Today
Quiz Kudos Today
Editor Picks
Curator Picks
Quizzes by...
Day
Popularity
Type
Ratings
Length
Year
Community
Subscriptions
Recent Discussions
Orange Saloon
Badges
Playlists
Quests
Create
Leaderboards
Showdown
Live 5
Trivia Bingo
Activity
Puzzle Library
Sporcle Events
Private Events
Virtual Trivia
Globe League
Become a Host
Pub Owners
SporcleCon
Opinionation
Our Games
Videos
Blog
Mobile Apps
Partnerships
Remove Ads and Go Orange
Feedback
Sports
Athletes
MLB
NBA
NHL
NFL
Soccer
Sports Teams
WWE
NCAA
Football
Premier League
Basketball
Baseball
Hockey
Golf
Tennis
Cricket
Rugby
Auto Racing
Olympics
World Cup
Sports
Athletes
MLB
NBA
NHL
NFL
Soccer
Sports Teams
WWE
NCAA
Football
Premier League
Basketball
Baseball
Hockey
Golf
Tennis
Cricket
Rugby
Auto Racing
Olympics
World Cup
Random Quiz
Search Sporcle
×
Quiz Lab
Quiz Lab
Sports
Baseball
Type in answers that appear in a list
Type in answers that appear in a list
Classic
Best Score? Go Orange.
MLB Teams Infield 2010 Stats
Can you name the Starting infield of every team?
By
i_am_ROCK
3m
30 Questions
182 Plays
182 Plays
182 Plays
Comments
Comments
Give Quiz Kudos
Give Quiz Kudos
-
- Ratings
hide this ad
Forced Order
Answers have to be entered in order
Answers have to be entered in order
Replay
Link that replays current quiz
Next Quiz
Link to next quiz in quiz playlist
You Got
0%
They Got
Avg Score
91%
Avg Friend Score
Upgrade to see
Score Distribution
Jump to the score distribution portion of the page
Score
0/30
Timer
03:00
0
Plays Today
Infielders
Team
% Correct
Teixeira, Cano, Jeter, Rodriguez
Yankees
100%
Dunn, Espinosa, Desmond, Zimmerman
Nationals
98.9%
Helton, Young, Tulowitzki, Mora
Rockies
98.9%
Pujols, Schumaker, Ryan, Feliz
Cardinals
98.4%
Votto, Phillips, Janish, Rolen
Reds
98.4%
Sanchez, Uggla, Ramirez, Helms
Marlins
98.4%
Lowell, Lowrie, Scutaro, Beltre
Red Sox
97.8%
Davis, Tejada, Reyes, Wright
Mets
97.8%
Konerko, Beckham, Ramirez, Vizquel
White Sox
97.3%
Howard, Utley, Rollins, Polanco
Phillies
97.3%
Fielder, Weeks, Escobar, McGehee
Brewers
96.7%
Cantu, Kinsler, Andrus, Young
Rangers
95.6%
Overbay, Hill, Escobar, Bautista
Blue Jays
95.1%
Huff, Sanchez, Uribe, Sandoval
Giants
95.1%
Branyan, Figgins, Wilson, Lopez
Mariners
94%
Infielders
Team
% Correct
Cabrera, Rhymes, Peralta, Inge
Tigers
93.4%
Butler, Aviles, Betancourt, Betemit
Royals
92.3%
Gonzalez, Eckstein, Tejada, Headley
Padres
90.7%
Wigginton, Roberts, Izturis, Bell
Orioles
90.1%
Loney, Theriot, Carroll, Blake
Dodgers
89%
Cuddyer, Hudson, Hardy, Valencia
Twins
89%
Barton, Ellis, Pennington, Kouzmanoff
A's
87.9%
LaRoche, Johnson, Drew, Reynolds
Diamondbacks
87.4%
Napoli, Kendrick, Aybar, Callaspo
Angels
87.4%
Lee, Infante, Gonzalez, Prado
Braves
86.3%
Pena, Brignac, Bartlett, Aybar
Rays
83%
LaPorta, Valbuena, Cabrera, Nix
Indians
81.9%
Nady, DeWitt, Castro, Ramirez
Cubs
80.8%
Jones, Walker, Cedeno, Alvarez
Pirates
71.4%
Wallace, Keppinger, Sanchez, Johnson
Astros
69.2%
Quiz Playlist
Details
Report
Send in Message
Add To Playlist
Classic:
Type in answers that appear in a list
Forced Order:
Answers have to be entered in order
Quiz Source
Last Updated: Feb 16, 2017
Quiz Scoreboard
CHALLENGE
Sign Up to Join the Scoreboard
Show All
Scores
Hide
Comments
May contain spoilers
Recently Published
Image Sorting: Flags VI
by Barbecue
Geography
2m
Find the 'City' Movie
by crazypaving
Movies
60s
Colored Red Africa Blitz
by spor1
Geography
45s
More to Explore
Quiz From the Vault
Featured Blog Post
14 Easter Pick-up Lines to Find Eggs With
hide this ad
You Might Also Like...
Tags
Baseball Quiz
MLB Quiz
2010
Infielder
Starting
Today's Top Quizzes in Sports
Browse Sports
hide this ad
Today's Top Quizzes in Baseball
Browse Baseball
Top Contributed Quizzes in Sports
1
Les meilleurs buteurs des matchs entre le PSG et l’OM
2
Les entraîneurs de l'OM et du PSG au 21e siècle
3
Les joueurs passés par le PSG et l'OM
4
2022 World Cup Stars
5
Players with Multiple 50 Home Run Seasons
6
Criteria MLB: Left Handed Sluggers
7
Les joueurs passés par le LOSC et le RC Lens
8
NBA Logic Puzzle 2.0
9
MLB Players with Two .350 Batting Average Seasons
10
FIFA Club World Cup Champions
Explore More
Trending Topics
Kpop
Anime
Marvel
Disney
Crossword
NBA
Harry Potter
Puzzle
Pokémon
Soccer
Song
The Office
WWE
NFL
Country
hide this ad
More By:
i_am_ROCK
Quiz
Plays
Rating
Category
Featured
Created
Projected NBA Starting Lineups 2010-2011
882
3.83
Sports
Sep 4, 2010
MLB Teams Infield 2010
182
5.00
Sports
Sep 3, 2010
Go to Creator's Profile
Score Distribution
Quiz Creator Spotlight
i_am_ROCK
Follow
Send a Message
Quizzes Created
-
Created Quiz Play Count
-
More By This Creator
Popular Quizzes Today
1
Colored Red Africa Blitz
2
Find the US States - No Outlines Minefield
3
Find the 'City' Movie
4
5x2 Blitz: Bands
5
The Countries of the World
6
Find the US States
7
Find the Countries of Europe - No Outlines Minefield
8
US States
More Sports Quizzes
Build England with Premier League Teams
Published
Trending Quizzes
Colored Red Europe Blitz I
Colored Red Europe Blitz II
Colored Red Africa Blitz II
Colored Red Europe Blitz III
Colored Red Africa Blitz III
Recently Updated
How Do You Spell That?
pecheneg
Godzilla Movies
pecheneg
Grab Bag: 4-10 Letters
pecheneg
2024 March Madness Bracket
pecheneg
Famous TV Couples
Peacemaker
Champions League XIs: Real Madrid
pecheneg
Largest US Cities 1790-2010
pecheneg
Rides in Walt Disney World
pecheneg
Most Oscar Losses (Acting)
pecheneg
Beyoncé Albums
pecheneg
Trending Topics
Disney
Harry Potter
Kpop
Crossword
Anime
NBA
Marvel
Puzzle
Song
NFL
The Office
Soccer
Pokémon
Country
WWE
Your Account Isn't Verified!
In order to create a playlist on Sporcle, you need to verify the email address you used during registration. Go to your
Sporcle Settings
to finish the process.
Report this User
Report this user for behavior that violates our
Community Guidelines
.
Details:
Send Report
Go to the Sporcle.com Mobile Site →
Comments